Регионална библиотека "Любен Каравелов" - Русе

История на България (Запис номер 27695)

MARC детайли
000 -Лидер
Контролно поле с фиксирана дължина 01534nam a2200349 c 4500
003 - Код на организацията, давaща контролен номер
Контролно поле BLK
005 - Дата и час на последна редакция
Контролно поле 20250415111054.0
008 - Елементи от данни с фиксирана дължина
fixed length control field 180407b bul|||||r ||||||| ||bul||
010 ## - Наследен системен номер
LC control number KNG00030279000
020 ## - Международен стандартен номер на книга ISBN
Международен стандартен номер на книга ISBN 954-426-204-0
-- издат.: Анубис - на том (т. 1)
040 ## - Източник на каталожния запис
Идентификатор на билиотеката - собственик на записа BLK
041 ## - Код за език
Код за езика на текст/звукозапис или на отделно заглавие Български
Код за езика КДБФ Български
080 ## - УДК
Текстов определител УДК История на България
УДК код - определител по УДК 94(497.2)
УДК определител
УДК - код + определител 94(497.2)
139 ## - Редно поле
Редна дума История на България
Авторски знак Истор - И 95
245 10 - Сведения за заглавието
Заглавие История на България
Подзаглавни данни В 3 т.
Редно поле (дума) авт. на том Иван Ангелов Божилов; съавт. на том Васил Тодоров Гюзелев.
Том Т. 1
Заглавие на том История на Средновековна България VІІ - ХІV век
257 ## - Страна на издаване
Страна на създаване/издаване България
260 ## - Област на издателските данни
-- София
Година на издаване 1999
Печатница Пловдив : Полиграфия
300 ## - Физическа характеристика
Размери/Мащаб 24 см
380 ## - Жанр
Жанр История
650 #7 - Допълнително описание по предмет – тема
Основно описание – тема или топоним История - България
Източник на редна или ключова дума
9 (RLIN) 157745
653 ## - Ключова дума – ненормативна
Ключова дума история
653 ## - Ключова дума – ненормативна
Ключова дума България
700 1# - Други автори (авторска отговорност)
Лично име Божилов, Иван Ангелов
Автороска отговорност (Описва отношението между автора и произведението) авт. на том
9 (RLIN) 363483
700 1# - Други автори (авторска отговорност)
Лично име Гюзелев, Васил Тодоров
Автороска отговорност (Описва отношението между автора и произведението) съавт. на том
9 (RLIN) 364355
760 1# - Описание на основната серия
-- - на том (т. 1)
Място на издаване, издател и година Анубис, 1999
Страници - том 704 с.
Забележка - том Хронол. таблица.
Заглавие Т. 1 История на Средновековна България VІІ - ХІV век
852 ## - Местоположение
Форматна сигнатура Цб 202858
856 4# - Електронен адрес и достъп
Електронен формат pdf - файл
Път до файла /url/
856 4# - Електронен адрес и достъп
Електронен формат pdf - файл
Път до файла /url/
942 ## - АРТИКУЛИ
Вид на библиотечния материал Книги
Скрит в OPAC Не
Koha issues (borrowed), all copies 3
944 ## - СЪЗДАВАНЕ И РЕДАКЦИЯ на ЗАПИСА
Създаване/Редакция Създаване
Дата на регистрацията/редакция 15.01.2003
Служител, извършил регистрацията/редакцията 30534
Статус, дата на статуса Радостина Карадакова
944 ## - СЪЗДАВАНЕ И РЕДАКЦИЯ на ЗАПИСА
Създаване/Редакция Редакция
Дата на регистрацията/редакция 20.06.2006
Служител, извършил регистрацията/редакцията
999 ## - СИСТЕМНИ КОНТРОЛНИ НОМЕРА
Koha biblionumber 27695
Koha biblioitemnumber 27695
Наличности
Код за отписване Код за изгубен артикул Източник на класификационната схема Код за повреда Коз за рестрикции Код за отдаване Артикулен № Име на библиотеката - собственик Име на библиотеката, в която се намира в момента Статус (Текущо местоположение) Дата на вписване в системата Местоположение - отдел Цена в лева Инвентарен номер Систематично азбучна сигнатура Баркод Номер на екземпляра Цена в евро Служебна бележка Служебен тип на артикула
  Не е изгубен Universal Decimal Classification Не е повреден без рестрикции ползва се в читалня 44718 Регионална библиотека "Любен Каравелов" Русе Регионална библиотека "Любен Каравелов" Русе Читалня 1999-01-01 Читалня 20.00 652953 Ч 94(497.2)/И 95 120000652953 1 10.23 Дост: Pk Вид: Ф N: стар фонд Дата: 01.01.1999 Дата инв: 30.03.2017 Бележки инв: Ч2017 Книги
Изтеглен Не е изгубен Universal Decimal Classification Не е повреден без рестрикции заемане за дома 44719 Регионална библиотека "Любен Каравелов" Русе Регионална библиотека "Любен Каравелов" Русе Заемна - подръчен фонд 2003-11-03 Заемна - подръчен фонд 20.00 120000679591 П 949.72/И 95 120000679591 2 10.23 Дост: Pk Вид: Ф N: 8845 Дата: 01.11.2003 Книги
  Не е изгубен   Не е повреден без рестрикции ползва се в читалня 44720 Регионална библиотека "Любен Каравелов" Русе Регионална библиотека "Любен Каравелов" Русе Хранилище 2004-09-20 Основен фонд - ползва се само за читалня 20.00 120000688566 Цб 202858 120000688566 3 10.23 Дост: Pk Вид: Ф N: 8888 Дата: 08.09.2004 Книги
Vip Innovations Ltd, Rousse, Bulgaria 2025